{"text_format":"3","workbook":"xlsx","n_sheets":7,"sheets":["Cover","SUMMARY","PRELIMINARIES","ENTRANCE OUTDOOR TILING ","OUTDOOR TURF INSTALATION ","varandha extensin and power rom","Rainwater management overall"],"not_rendered":{"images":1,"defined_names":13},"read":"whole","date_system":"1900"}

{"sheet":"Cover","index":0,"n_rows":16,"n_cols":2,"rows_kept":16,"merged":[[15,1,18,1]]}
{"$rows_empty":8}
[null,"BILL OF QUANTITIES"]
[]
[]
[]
[]
[]
[]
[null,"PROPOSED V.FELIDHOO COUNSIL PFFICE "]

{"sheet":"SUMMARY","index":1,"n_rows":57,"n_cols":7,"rows_kept":57,"merged":[[0,1,0,6],[1,1,1,6],[2,1,2,6],[4,1,4,6],[12,2,12,4],[14,2,14,4],[16,2,16,3]]}
[]
[null,"BILL OF QUANTITIES"]
[null,"FOR V.FELIDHOO ATOLL COUNCIL OFFICE"]
[]
[null,"SUMMARY"]
[]
[]
[]
[null,1,"PRELIMINARIES",null,null,"MRf.",{"$f":"PRELIMINARIES!F43","v":{"v":6,"d":"6.00"}}]
[]
[null,2,"ENTRNACE OUTDOOR TILING ",null,null,"MRf.",{"$f":"'ENTRANCE OUTDOOR TILING '!F101","v":{"v":1212.1,"d":"1,212.10"}}]
[]
[null,3,"OUTDOOR BADMITTION COURT  TURF INSTALATION  WORK",null,null,"MRf.",{"$f":"'OUTDOOR TURF INSTALATION '!F60","v":{"v":615,"d":"615.00"}}]
[]
[null,4,"VARANDHA ROOF EXTENSION  & POER ROOM WORK",null,null,"MRf.",{"$f":"'varandha extensin and power rom'!F276","v":{"v":3112.049,"d":"3,112.05"}}]
[]
[null,5,"RAINWATER MANAGEMNT ",null,null,"MRf.",{"$f":"'Rainwater management overall'!F18","v":{"v":153,"d":"153.00"}}]
{"$rows_empty":39}
[null,null,"GRAND SUMMARY",null,null,"MRfs.",{"$f":"SUM(G9:G54)","v":{"v":5098.148999999999,"d":"5,098.15"}}]

{"sheet":"PRELIMINARIES","index":2,"n_rows":43,"n_cols":6,"rows_kept":43,"merged":[[0,0,0,5],[1,0,1,5]]}
["BILL OF QUANTITIES"]
["FOR V.FELIDHOO ATOLL COUNCIL OFFICE"]
["Item","Description","Qty","Unit","Rate","Total\nAmount"]
[]
[null,"BILL No: 01"]
[null,"PRELIMINARIES"]
[]
[1.1,"GENERAL NOTES "]
[{"v":1,"d":"(1)"},"Abbreviations"]
[null,"m - metre"]
[null,"Nos - numbers"]
[null,"m³ - cubic metre"]
[null,"m² - square metre"]
[null,"lm - Linear metre"]
[null,"kg - Kilograms"]
[null,"incl. - including"]
[null,"mm - millimetre"]
[null,"SS - Stainless Steel"]
[null,"GI - Galvanised steel "]
[]
[]
[1.2,"SITE MANAGEMENT COSTS"]
[{"v":1,"d":"(1)"},"Allow for all on and off site management cost including costs of foreman and assistants",{"v":1,"d":"1.00"},"item",{"v":1,"d":"1.00"},{"$f":"C23*E23","v":{"v":1,"d":"1.00"}}]
[]
[1.3,"SAFETY ON SITE"]
[{"v":1,"d":"(1)"},"Providing & maintaining adequate safety measure on site for all workers & all authorized visitors on site & protecting adjoining properties & people against falling objects or other with regard to the construction works",{"v":1,"d":"1.00"},"item",{"v":1,"d":"1.00"},{"$f":"C26*E26","v":{"v":1,"d":"1.00"}}]
[]
[1.4,"PLANTS & MACHINERY"]
[{"v":1,"d":"(1)"},"Provision & maintenance of all necessary temporary plants, machineries & scaffolding that is required for the completion of the project",{"v":1,"d":"1.00"},"item",{"v":1,"d":"1.00"},{"$f":"C29*E29","v":{"v":1,"d":"1.00"}}]
[]
[1.5,"SERVICES & FACILITIES"]
[{"v":1,"d":"(1)"},"Provision & maintenance of services & facilities such as water, power supply, lighting & fuel required for the project.",{"v":1,"d":"1.00"},"item",{"v":1,"d":"1.00"},{"$f":"C32*E32","v":{"v":1,"d":"1.00"}}]
[]
[1.6,"SIGN BOARD"]
[{"v":1,"d":"(1)"},"Allow for sign boards",{"v":1,"d":"1.00"},"item",{"v":1,"d":"1.00"},{"$f":"C35*E35","v":{"v":1,"d":"1.00"}}]
[]
[1.7,"TEMPORARY FENCING & HOARDING"]
[{"v":1,"d":"(1)"},"Supply, erect & maintenance of a fence through out the construction period & hoarding all along the perimeter of the site",{"v":1,"d":"1.00"},"item",{"v":1,"d":"1.00"},{"$f":"C38*E38","v":{"v":1,"d":"1.00"}}]
[]
[]
[]
[null,"BILL No: 01 PRELIMINARIES",{"$nulls":3},{"$f":"SUM(F6:F41)","v":{"v":6,"d":"6.00"}}]
[null,"TOTAL OF BILL No: 01 - Carried over to summary",{"$nulls":3},{"$f":"F42","v":{"v":6,"d":"6.00"}}]

{"sheet":"ENTRANCE OUTDOOR TILING ","index":3,"n_rows":101,"n_cols":6,"rows_kept":101,"merged":[[0,0,0,5],[1,0,1,5],[91,1,91,2]]}
["BILL OF QUANTITIES"]
["FOR V.FELIDHOO ATOLL COUNCIL OFFICE- ENTRANCE OUTDOOR TILING WORK "]
["Item","Description","Qty","Unit","Rate","Total\nAmount"]
[]
[null,"BILL No: 01"]
[null,"GROUND WORKS"]
[1.1,"GENERAL "]
[null,"Note: Rates shall include for: levelling, grading, trimming, compacting to faces of excavation, keep sides plumb, backfilling, consolidating and disposing surplus soil. Site clearance measured with external works"]
[1.2,"SITE PREPARATION &DEMOLITION "]
[]
[{"v":1,"d":"(1)"},"Allow for clearing site from all debris and removal of all bushes and other vegetation away from the site. ",{"v":1,"d":"1.00"},"Item",{"v":1,"d":"1.00"},{"$f":"+C11*E11","v":{"v":1,"d":"1.00"}}]
[{"v":2,"d":"(2)"},"Removing old paver block and masondry wall ",{"v":230,"d":"230.00"},"m²",{"v":1,"d":"1.00"},{"$f":"C12*E12","v":{"v":230,"d":"230.00"}}]
[]
[1.3,"EXCAVATION"]
[null,"Note: Excavation quantities are measured to the faces of concrete members. Rates shall include for all additional excavation required to place the formwork/shuttering and dewatering the trenches for the required days. "]
[{"v":1,"d":"(1)"},"Excavation for side wall and Rain Water Trench ",{"v":7,"d":"7.00"},"m³",{"v":1,"d":"1.00"},{"$f":"C16*E16","v":{"v":7,"d":"7.00"}}]
[]
[1.4,"FILLING &SURFACE LEVELING "]
[]
[]
[{"v":1,"d":"(1)"},"Soil Filling On tile Area , rate including leveling and compacting ",{"v":55,"d":"55.00"},"m³",{"v":1,"d":"1.00"},{"$f":"C21*E21","v":{"v":55,"d":"55.00"}}]
[]
[null,"BILL No: 01- GROUND WORKS",{"$nulls":3},{"$f":"SUM(F8:F22)","v":{"v":293,"d":"293.00"}}]
[null,"TOTAL OF BILL No: 01 - Carried over to summary",{"$nulls":3},{"$f":"F23","v":{"v":293,"d":"293.00"}}]
[null,"BILL No: 02"]
[null,"CONCRETE"]
[2.1,"GENERAL"]
[null,"(a) Rates shall include for: provision to place in position; casting of all required items and finishing after removal of formwork and  additional concrete required to conform to structural and excavated tolerances "]
[null,"(b) Rates shall include supply of all formwork item including form oil, timber, plywood, nails etc."]
[null,"(c) Mix ratio for  reinforced concrete shall be 1:2:3 and lean concrete shall be 1:3:6 by volume"]
[]
[]
[2.2,"1:3:6 CONCRETE "]
[]
["2.2.1","TILING AREA "]
[null,"3\" TK LEAN CONCRETE ",{"v":30,"d":"30.00"},"m³",{"v":1,"d":"1.00"},{"$f":"C36*E36","v":{"v":30,"d":"30.00"}}]
[]
[]
["2.2.2","RAIN WATER DRAINAGE "]
[null,"2\" LEAN CONCRETE ",{"v":2.1,"d":"2.10"},"m³",{"v":1,"d":"1.00"},{"$f":"E40*C40","v":{"v":2.1,"d":"2.10"}}]
[]
["2.2.4","Pre Cast Drain Slab  (.6x.45x.05m)",{"v":12,"d":"12.00"},"nos",{"v":1,"d":"1.00"},{"$f":"E42*C42","v":{"v":12,"d":"12.00"}}]
[]
[null,"BILL No: 02 - CONCRETE",{"$nulls":3},{"$f":"+SUM(F28:F43)","v":{"v":44.1,"d":"44.10"}}]
[null,"TOTAL OF BILL No: 02- Carried over to summary",{"$nulls":3},{"$f":"F44","v":{"v":44.1,"d":"44.10"}}]
[null,"BILL No: 03"]
[null,"MASONRY  WORKS "]
[3.1,"GENERAL"]
[null,"Note: Rates shall include for: cleaning out cavities, forming rebated reveals and pointing and cleaning down to reveals where necessary; fractional size blocks, all necessary machine cutting, cutting or forming   chases   or   edges    of  floor slabs, cutting or leaving holes and openings as recesses for and building in pipes, conduits, sleeves and similar as required for all trades; leaving surfaces rough or raking out joints for plastering and flashing, bedding  frames or plates, building in joists, bearers or similar, temporary supports to openings, templates, reinforcement in walls and for all necessary making good. Providing approved quality mesh at joints between structaral members and masonry in the exterior walls                    "]
[3.2,"SOLID BLOCK WORK"]
[]
["3.2.1","Below ground floor level"]
[{"v":1,"d":"(1)"},"rain water drainage area and side wall ",{"v":35,"d":"35.00"},"m2",{"v":1,"d":"1.00"},{"$f":"C53*E53","v":{"v":35,"d":"35.00"}}]
[null,"BILL No: 03- MASONRY WORKS",{"$nulls":3},{"$f":"+SUM(F49:F53)","v":{"v":35,"d":"35.00"}}]
[null,"TOTAL OF BILL No: 03 - Carried over to summary",{"$nulls":3},{"$f":"F54","v":{"v":35,"d":"35.00"}}]
[null,"BILL N0: 04"]
[null,"FINISHES"]
[]
[4.1,"FLOOR FINISHES"]
[null,"Note: Rates shall include for: fixing, bedding, grouting, pointing, finishing and any other similar works to ensure the required finish."]
[]
["4.1.1","FLOORING"]
[null,"Cement sand screeding on the floor as specified on."]
[]
[{"v":1,"d":"(1)"},"35 mm thick screed in the floor"]
[null,"Cement sand screed Area",{"v":320,"d":"320.00"},"m2",{"v":1,"d":"1.00"},{"$f":"C66*E66","v":{"v":320,"d":"320.00"}}]
[]
["4.1.2","FLOOR FINISHES TILING"]
[]
[{"v":1,"d":"(1)"},"600x600 mm Anti Skid Out Door Tile ",{"v":425,"d":"425.00"},"m2",{"v":1,"d":"1.00"},{"$f":"+C70*E70","v":{"v":425,"d":"425.00"}}]
[]
[]
[4.2,"WALL FINISHES"]
[]
["4.2.1","PLASTERING WITH CEMNT GROUT FINISHING "]
[]
[]
[{"v":1,"d":"(1)"},"below ground level "]
[null,"Rainwater Drainage ",{"v":90,"d":"90.00"},"m2",{"v":1,"d":"1.00"},{"$f":"C79*E79","v":{"v":90,"d":"90.00"}}]
[null,"BILL N0: 04- FINISHES",{"$nulls":3},{"$f":"SUM(F57:F79)","v":{"v":835,"d":"835.00"}}]
[null,"TOTAL OF BILL No: 04 - Carried over to summary",{"$nulls":3},{"$f":"F80","v":{"v":835,"d":"835.00"}}]
[null,"BILL No: 5"]
[5.1,"OLD SEWARAGE CHAMFER EXTENSION "]
[]
[{"v":1,"d":"(1)"},"Rainwater Drain Outlet (1'x1'x1' Precast chamfer with cover)",{"v":1,"d":"1.00"},"Nos",{"v":1,"d":"1.00"},{"$f":"+C85*E85","v":{"v":1,"d":"1.00"}}]
[]
[{"v":3,"d":"(3)"},"Old Sewerage line chafer extension ",{"v":4,"d":"4.00"},"nos",{"v":1,"d":"1.00"},{"$f":"E87*C87","v":{"v":4,"d":"4.00"}}]
[]
[null,"BILL No: 11-Rainwater Drain Arrangemnts ",{"$nulls":3},{"$f":"SUM(F83:F88)","v":{"v":5,"d":"5.00"}}]
[null,"TOTAL OF BILL No: 5 - Carried over to summary",{"$nulls":3},{"$f":"F89","v":{"v":5,"d":"5.00"}}]
[]
[null,"SUMMARY"]
[]
[{"v":1,"d":"1.0"},"GROUND WORKS",{"$nulls":3},{"$f":"F24","v":{"v":293,"d":"293.00"}}]
[{"v":2,"d":"2.0"},"CONCRETE",{"$nulls":3},{"$f":"F45","v":{"v":44.1,"d":"44.10"}}]
[{"v":3,"d":"3.0"},"MASONRY AND PLASTERING",{"$nulls":3},{"$f":"F55","v":{"v":35,"d":"35.00"}}]
[{"v":4,"d":"4.0"},"FINISHES ",{"$nulls":3},{"$f":"F81","v":{"v":835,"d":"835.00"}}]
[{"v":5,"d":"5.0"},{"$f":"B83","v":"OLD SEWARAGE CHAMFER EXTENSION "},{"$nulls":3},{"$f":"F90","v":{"v":5,"d":"5.00"}}]
[]
[null," "]
[null," GRAND TOTAL ",{"$nulls":3},{"$f":"SUM(F93:F100)","v":{"v":1212.1,"d":"1,212.10"}}]

{"sheet":"OUTDOOR TURF INSTALATION ","index":4,"n_rows":60,"n_cols":6,"rows_kept":60,"merged":[[0,0,0,5],[1,0,1,5],[51,1,51,2]]}
["BILL OF QUANTITIES"]
["FOR V.FELIDHOO ATOLL COUNCIL OFFICE- OUTDOOR BADMITTION COURT TURF INSTALATION  WORK"]
["Item","Description","Qty","Unit","Rate","Total\nAmount"]
[]
[null,"BILL No: 01"]
[null,"GROUND WORKS"]
[1.1,"GENERAL "]
[null,"Note: Rates shall include for: levelling, grading, trimming, compacting to faces of excavation, keep sides plumb, backfilling, consolidating and disposing surplus soil. Site clearance measured with external works"]
[1.2,"SITE PREPARATION"]
[]
[{"v":1,"d":"(1)"},"Allow for clearing site from all debris and removal of old sands in site area ",{"v":1,"d":"1.00"},"Item",{"v":1,"d":"1.00"},{"$f":"E11","v":{"v":1,"d":"1.00"}}]
[]
[]
[1.2,"FILLING ,COMPACTING AND LEVELING "]
[{"v":1,"d":"1.0"},"Leveling Compacting Site Area ",{"v":1,"d":"1.00"},"item",{"v":1,"d":"1.00"},{"$f":"E15*C15","v":{"v":1,"d":"1.00"}}]
[]
[{"v":2,"d":"2.0"},"Filling  required Aggregate And Sand in Turfarea, Rate Including Digging ,compacting and leveling ",{"v":332,"d":"332.00"},"m2",{"v":1,"d":"1.00"},{"$f":"C17*E17","v":{"v":332,"d":"332.00"}}]
[]
[null,"BILL No: 01- GROUND WORKS",{"$nulls":3},{"$f":"SUM(F8:F18)","v":{"v":334,"d":"334.00"}}]
[null,"TOTAL OF BILL No: 01 - Carried over to summary",{"$nulls":3},{"$f":"F19","v":{"v":334,"d":"334.00"}}]
[null,"BILL No: 02"]
[null,"CONCRETE"]
[2.1,"GENERAL"]
[null,"(a) Rates shall include for: provision to place in position; casting of all required items and finishing after removal of formwork and  additional concrete required to conform to structural and excavated tolerances "]
[null,"(b) Rates shall include supply of all formwork item including form oil, timber, plywood, nails etc."]
[null,"(c) Mix ratio for  reinforced concrete shall be 1:2:3 and lean concrete shall be 1:3:6 by volume"]
[]
["2.1.1","Rain water Collecting chamber ( 1'x1'x1.5' precast o )",{"v":5,"d":"5.00"},"NOS ",{"v":1,"d":"1.00"},{"$f":"E28*C28","v":{"v":5,"d":"5.00"}}]
[null,"BILL No: 02-CONCRETE ",{"$nulls":3},{"$f":"F28","v":{"v":5,"d":"5.00"}}]
[null,"TOTAL OF BILL No: 02 - Carried over to summary",{"$nulls":3},{"$f":"F29","v":{"v":5,"d":"5.00"}}]
[null,"BILL N0: 03"]
[null,"MASONDRY "]
[]
[3.1,"100MM TK MASONDRY WALL ",{"v":15,"d":"15.00"},"M2",{"v":1,"d":"1.00"},{"$f":"E34*C34","v":{"v":15,"d":"15.00"}}]
[]
[3.2,"PLASTERING",{"v":25,"d":"25.00"},"M2",{"v":1,"d":"1.00"},{"$f":"E36*C36","v":{"v":25,"d":"25.00"}}]
[null,"BILL N0: 03- FINISHES",{"$nulls":3},{"$f":"SUM(F32:F36)","v":{"v":40,"d":"40.00"}}]
[null,"TOTAL OF BILL No: 03 - Carried over to summary",{"$nulls":3},{"$f":"F37","v":{"v":40,"d":"40.00"}}]
[]
[null,"BILL No:04"]
[null,"LAYING TURF ,TURF LAMP AND ELCTRICAL ARRANGEMENTS "]
[4.1,"LAYING ARTIFICIAL GRASS TURF WITH BADMITION COURT ARRANGEMNTS ",{"v":233,"d":"233.00"},"M2",{"v":1,"d":"1.00"},{"$f":"C42*E42","v":{"v":233,"d":"233.00"}}]
[]
[]
[4.2,"TURF LAMP POLE   & Lamp ( Including pole fixing and all)",{"v":2,"d":"2.00"},"NOS",{"v":1,"d":"1.00"},{"$f":"C45*E45","v":{"v":2,"d":"2.00"}}]
[]
[]
[4.3,"ELECTRICAL ARRANGEMNTS FOR LAMP (  CABLES & INCLUDING ALL FIXING CHRAGES ) ",{"v":1,"d":"1.00"},"ITEM ",{"v":1,"d":"1.00"},{"$f":"E48*C48","v":{"v":1,"d":"1.00"}}]
[null,"BILL No: 4 - LAYING TURF ,TURF LAMP AND ELCTRICAL ARRANGEMENTS ",{"$nulls":3},{"$f":"SUM(F41:F48)","v":{"v":236,"d":"236.00"}}]
[null,"TOTAL OF BILL No: 04- Carried over to summary",{"$nulls":3},{"$f":"F49","v":{"v":236,"d":"236.00"}}]
[]
[null,"SUMMARY"]
[]
[{"v":1,"d":"1.0"},"GROUND WORKS",{"$nulls":3},{"$f":"F20","v":{"v":334,"d":"334.00"}}]
[{"v":2,"d":"2.0"},"CONCRETE",{"$nulls":3},{"$f":"F30","v":{"v":5,"d":"5.00"}}]
[{"v":3,"d":"3.0"},"MASONRY AND PLASTERING",{"$nulls":3},{"$f":"F38","v":{"v":40,"d":"40.00"}}]
[{"v":4,"d":"4.0"},{"$f":"B41","v":"LAYING TURF ,TURF LAMP AND ELCTRICAL ARRANGEMENTS "},{"$nulls":3},{"$f":"F50","v":{"v":236,"d":"236.00"}}]
[]
[" "," "]
[null," GRAND TOTAL ",{"$nulls":3},{"$f":"SUM(F53:F59)","v":{"v":615,"d":"615.00"}}]

{"sheet":"varandha extensin and power rom","index":5,"n_rows":276,"n_cols":6,"rows_kept":276,"merged":[[0,0,0,5],[1,0,1,5],[261,1,261,2]]}
["BILL OF QUANTITIES"]
["FOR V.FELIDHOO ATOLL COUNCIL OFFICE- VARANDHA EXTENSION &POWER ROOM  WORK"]
["Item","Description","Qty","Unit","Rate","Total\nAmount"]
[]
[null,"BILL No: 01"]
[null,"GROUND WORKS"]
[1.1,"Removing old paver blocks ",{"v":68,"d":"68.00"},"m²",{"v":1,"d":"1.00"},{"$f":"E7*C7","v":{"v":68,"d":"68.00"}}]
[1.2,"demolition old entrance wall and water tank ",{"v":22,"d":"22.00"},"m²",{"v":1,"d":"1.00"},{"$f":"E8*C8","v":{"v":22,"d":"22.00"}}]
[]
[1.3,"EXCAVATION"]
[null,"Note: Excavation quantities are measured to the faces of concrete members. Rates shall include for all additional excavation required to place the formwork/shuttering and dewatering the trenches for the required days. "]
[{"v":1,"d":"(1)"},"Excavation for foundation &Foundation beam ",31.99,"m³",{"v":1,"d":"1.00"},{"$f":"C12*E12","v":31.99}]
[]
[1.4,"FILLING"]
[null,"Notes: Rates shall include for: levelling, grading, trimming and compacting"]
[]
[{"v":1,"d":"(1)"},"Earth filling in ground floor ",{"v":10,"d":"10.00"},"m³",{"v":1,"d":"1.00"},{"$f":"C17*E17","v":{"v":10,"d":"10.00"}}]
[]
[1.5,"ANTI TERMITE TREATMENT"]
[]
[{"v":1,"d":"(1)"},"Anti termite treatment shall be in accordance with the manufacture's specification and to the approval of Consultant by specialize sub contractor. Anti termite treatment to be spray the area of construction. ",{"v":1,"d":"1.00"},"Item",{"v":1,"d":"1.00"},{"$f":"C21*E21","v":{"v":1,"d":"1.00"}}]
[]
[null,"BILL No: 01- GROUND WORKS",{"$nulls":3},{"$f":"SUM(F7:F22)","v":132.99}]
[null,"TOTAL OF BILL No: 01 - Carried over to summary",{"$nulls":3},{"$f":"F23","v":132.99}]
[null,"BILL No: 02"]
[null,"CONCRETE"]
[2.1,"GENERAL"]
[null,"(a) Rates shall include for: provision to place in position; casting of all required items and finishing after removal of formwork and  additional concrete required to conform to structural and excavated tolerances "]
[null,"(b) Rates shall include supply of all formwork item including form oil, timber, plywood, nails etc."]
[null,"(c) Mix ratio for  reinforced concrete shall be 1:2:3 and lean concrete shall be 1:3:6 by volume"]
[]
[]
[2.2,"REINFORCED CONCRETE"]
[null,"(a) Rates shall include for: cleaning, fabrication, placing, the provision for all necessary temporary fixings and supports including tie wire and chair supports, laps and wastage"]
[null,"(b) All reinforcing bars except 6mm dia bars shall be high strength deformed bars"]
[null,"(c) The exact length inclusive of laps are given. The rates shall take into account any wastage."]
[" ","In-situ reinforced concrete to:"]
[]
["2.2.1","Foundation"]
[]
[{"v":1,"d":"(1)"},"FB"]
[null,"Concrete Volume ",4.27,"m³",{"v":1,"d":"1.00"},{"$f":"C42*E42","v":4.27}]
[]
[null,"Formwork. ",{"v":31.276,"d":"31.28"},"m²",{"v":1,"d":"1.00"},{"$f":"C44*E44","v":{"v":31.276,"d":"31.28"}}]
[]
[null,"Reinforcement."]
[null,"12mm. dia, 6m. high tensile steel bar ",286.544,"kg",{"v":1,"d":"1.00"},{"$f":"C47*E47","v":{"v":286.544,"d":"286.54"}}]
[null,"6mm. dia, 6m. high tensile steel bar ",{"v":72.72,"d":"72.720"},"kg",{"v":1,"d":"1.00"},{"$f":"C48*E48","v":72.72}]
[]
[{"v":2,"d":"(2)"},"Footing "]
[null,"Concrete Volume ",{"v":1.125,"d":"1.13"},"m³",{"v":1,"d":"1.00"},{"$f":"E51*C51","v":{"v":1.125,"d":"1.13"}}]
[]
[null,"Formwork. ",{"v":9,"d":"9.00"},"m²",{"v":1,"d":"1.00"},{"$f":"C53*E53","v":{"v":9,"d":"9.00"}}]
[]
[null,"Reinforcement."]
[null,"10mm. dia. high tensile steel bar ",{"v":62,"d":"62.00"},"kg",{"v":1,"d":"1.00"},{"$f":"C56*E56","v":{"v":62,"d":"62.00"}}]
[]
["2.2.2","Columns"]
[]
[{"v":1,"d":"(1)"},"Up to roof beam "]
[null,"Concrete Volume ",1.22,"m³",{"v":1,"d":"1.00"},{"$f":"C61*E61","v":1.22}]
[]
[null,"Formwork.",{"v":32.4,"d":"32.40"},"m²",{"v":1,"d":"1.00"},{"$f":"C63*E63","v":{"v":32.4,"d":"32.40"}}]
[]
[null,"Reinforcement. "]
[null,"12mm. dia, 6m. high tensile steel bar ",249.91,"kg",{"v":1,"d":"1.00"},{"$f":"C66*E66","v":249.91}]
[null,"6mm. dia, 6m. Ring bars ",44.96,"kg",{"v":1,"d":"1.00"},{"$f":"C67*E67","v":44.96}]
[]
[]
["2.2.3","Beams"]
[{"v":1,"d":"(1)"},"Roof beams-RB"]
[null,"Concrete Volume ",{"v":4.2,"d":"4.20"},"m³",{"v":1,"d":"1.00"},{"$f":"C72*E72","v":{"v":4.2,"d":"4.20"}}]
[]
[null,"Formwork. ",{"v":38.624,"d":"38.62"},"m²",{"v":1,"d":"1.00"},{"$f":"C74*E74","v":{"v":38.624,"d":"38.62"}}]
[]
[null,"Reinforcement."]
[null,"12mm. dia, 6m. high tensile steel bar",{"v":290,"d":"290.000"},"kg",{"v":1,"d":"1.00"},{"$f":"C77*E77","v":{"v":290,"d":"290.00"}}]
[null,"6mm. dia, 6m. Ring bars ",{"v":75,"d":"75.000"},"kg",{"v":1,"d":"1.00"},{"$f":"C78*E78","v":{"v":75,"d":"75.00"}}]
[]
[{"v":2,"d":"(2)"},"Lintel Beams (LB above doors and windows)"]
[null,"Concrete Volume ",{"v":17.6,"d":"17.60"},"m",{"v":1,"d":"1.00"},{"$f":"C81*E81","v":{"v":17.6,"d":"17.60"}}]
[]
[]
[]
["2.2.4","Slabs"]
[]
[{"v":1,"d":"(1)"},"Ground floor Slab (100mm thickness- power room and entrance )"]
[null,"Concrete Volume ",{"v":3.2,"d":"3.20"},"m³",{"v":1,"d":"1.00"},{"$f":"C88*E88","v":{"v":3.2,"d":"3.20"}}]
[]
[null,"Formwork. ",{"v":15,"d":"15.00"},"m²",{"v":1,"d":"1.00"},{"$f":"C90*E90","v":{"v":15,"d":"15.00"}}]
[]
[null,"Reinforcement."]
[null,"10mm. dia, 6m. high tensile steel bar ",105.71,"kg",{"v":1,"d":"1.00"},{"$f":"C93*E93","v":105.71}]
[null,"12mm. dia, 6m. high tensile steel bar ",{"v":156.1,"d":"156.10"},"kg",{"v":1,"d":"1.00"},{"$f":"C94*E94","v":{"v":156.1,"d":"156.10"}}]
[]
[{"v":2,"d":"(2)"},"ground slab (100mm thickness)"]
[null,"Concrete Volume ",{"v":8.1,"d":"8.10"},"m³",{"v":1,"d":"1.00"},{"$f":"C97*E97","v":{"v":8.1,"d":"8.10"}}]
[]
[null,"Formwork. ",{"$f":"50*0.1","v":{"v":5,"d":"5.00"}},"m²",{"v":1,"d":"1.00"},{"$f":"C99*E99","v":{"v":5,"d":"5.00"}}]
[]
[null,"Reinforcement."]
[null,"10mm. dia, 6m. high tensile steel bar ",{"v":400,"d":"400.00"},"kg",{"v":1,"d":"1.00"},{"$f":"C102*E102","v":{"v":400,"d":"400.00"}}]
[{"$nulls":4},{"v":1,"d":"1.00"}]
[2.3,"LEAN CONCRETE"]
[{"v":1,"d":"(1)"},"FOUNDATION ",{"v":2.4,"d":"2.40"},"m³",{"v":1,"d":"1.00"},{"$f":"C105*E105","v":{"v":2.4,"d":"2.40"}}]
[]
[{"v":2,"d":"(2)"},"FOUNDATION BEAM ",{"v":3.2,"d":"3.20"},"m³",{"v":1,"d":"1.00"},{"$f":"C107*E107","v":{"v":3.2,"d":"3.20"}}]
[]
[]
[null,"BILL No: 02 - CONCRETE",{"$nulls":3},{"$f":"+SUM(F28:F109)","v":{"v":1919.559,"d":"1,919.56"}}]
[null,"TOTAL OF BILL No: 02- Carried over to summary",{"$nulls":3},{"$f":"F110","v":{"v":1919.559,"d":"1,919.56"}}]
[null,"BILL No: 03"]
[null,"MASONRY  WORKS "]
[3.1,"GENERAL"]
[null,"Note: Rates shall include for: cleaning out cavities, forming rebated reveals and pointing and cleaning down to reveals where necessary; fractional size blocks, all necessary machine cutting, cutting or forming   chases   or   edges    of  floor slabs, cutting or leaving holes and openings as recesses for and building in pipes, conduits, sleeves and similar as required for all trades; leaving surfaces rough or raking out joints for plastering and flashing, bedding  frames or plates, building in joists, bearers or similar, temporary supports to openings, templates, reinforcement in walls and for all necessary making good. Providing approved quality mesh at joints between structaral members and masonry in the exterior walls                    "]
[3.2,"SOLID BLOCK WORK"]
[]
["3.2.1","Below ground floor level"]
[{"v":1,"d":"(1)"},"Masonry area (100mm solid block work)",{"v":65,"d":"65.00"},"m2",{"v":1,"d":"1.00"},{"$f":"C119*E119","v":{"v":65,"d":"65.00"}}]
[]
["3.2.2","Above ground floor level"]
[]
[{"v":1,"d":"(1)"},"Poewer room and entrance wall and old building wall "]
[null,"150mm solid block work area"]
[]
[null,"Ground floor to first floor",{"v":45,"d":"45.00"},"m2",{"v":1,"d":"1.00"},{"$f":"C126*E126","v":{"v":45,"d":"45.00"}}]
[]
[]
[null,"BILL No: 03- MASONRY WORKS",{"$nulls":3},{"$f":"+SUM(F115:F128)","v":{"v":110,"d":"110.00"}}]
[null,"TOTAL OF BILL No: 03 - Carried over to summary",{"$nulls":3},{"$f":"F129","v":{"v":110,"d":"110.00"}}]
[null,"BILL No: 04"]
[null,"Damp Proof Sheet "]
[]
[null,"Rates shall include for temporary screed, grounds, rules, internal angles, fillet, arises, external angles and exposed circular edges chases for trucking in etc.,"]
[null,"Rates shall include cutting top line, notching bending and extra materials for lapping."]
[null,"Rates shall also include working into recesses duct covers, shaped inserts, outlet pipes and the like. Rate shall also include for work to falls and cross falls"]
[null,"Rates for tanking and damp proofing shall include forming of  internal and external angles, angle fillets, arises, edges and inter sections on work to cross falls."]
[]
[]
[{"v":1,"d":"(1)"},"DPM",{"v":55,"d":"55.00"},"m²",{"v":1,"d":"1.00"},{"$f":"+C140*E140","v":{"v":55,"d":"55.00"}}]
[]
[]
[]
[]
[]
[null,"BILL No: 04- WATER PROOFING",{"$nulls":3},{"$f":"+SUM(F132:F145)","v":{"v":55,"d":"55.00"}}]
[null,"TOTAL OF BILL No: 04 - Carried over to summary",{"$nulls":3},{"$f":"F146","v":{"v":55,"d":"55.00"}}]
[null,"BILL N0: 05"]
[]
[null,"DOORS AND WINDOWS"]
[]
[5.1,"GENERAL"]
[null,"Notes: (a) Rates shall include for locks, latches, closures, push plates, pull handles, bolts, kick plates, hinges and all door & window hardware and these materials should brass and of superior quality."]
[null,"(b) Rates shall include for door frames, mullions, transoms, trims, glazing, tinting, timber panels, boarding, framing, lining, fastenings and all fixings"]
[null,"(c) Rates shall include for all painting "]
[]
[5.2,"TIMBER DOORS, ALUMINIUM DOORS AND WINDOWS"]
[]
[{"v":1,"d":"(1)"},"D1 (1000x2100)+ Timber,, nyatoh or equivalent frame and timber , nyatoh or equivalent door panel with 6mm tempered glass, Brushed metal (silver x 6) lock x1, white finish",{"v":1,"d":"1.00"},"Nos",{"v":1,"d":"1.00"},{"$f":"C159*E159","v":{"v":1,"d":"1.00"}}]
[{"v":2,"d":"(2)"},"ED (1300x2100)+ Timber,, nyatoh or equivalent frame and timber , nyatoh or equivalent door panel with 6mm tempered glass, Brushed metal (silver x 6) lock x1, white finish",{"v":1,"d":"1.00"},"Nos",{"v":1,"d":"1.00"},{"v":1,"d":"1.00"}]
[]
[null,"BILL N0: 05-DOORS AND WINDOWS",{"$nulls":3},{"$f":"SUM(F153:F161)","v":{"v":2,"d":"2.00"}}]
[null,"TOTAL OF BILL No: 05 - Carried over to summary",{"$nulls":3},{"$f":"F162","v":{"v":2,"d":"2.00"}}]
[null,"BILL N0: 06"]
[null,"FINISHES"]
[]
[6.1,"FLOOR FINISHES"]
[null,"Note: Rates shall include for: fixing, bedding, grouting, pointing, finishing and any other similar works to ensure the required finish."]
[]
["6.1.1","FLOORING"]
[null,"Cement sand screeding on the floor as specified on."]
[]
[{"v":1,"d":"(1)"},"35 mm thick screed in the floor"]
[null,"Cement sand screed Area",{"v":75,"d":"75.00"},"m2",{"v":1,"d":"1.00"},{"$f":"C174*E174","v":{"v":75,"d":"75.00"}}]
[]
["6.1.2","FLOOR FINISHES"]
[]
[{"v":1,"d":"(1)"},"600x600 mm non slip porcelain floor tile area",{"v":86.2,"d":"86.20"},"m2",{"v":1,"d":"1.00"},{"$f":"+C178*E178","v":{"v":86.2,"d":"86.20"}}]
[]
[]
[6.2,"WALL FINISHES"]
[]
["6.2.1","PLASTERING"]
[null,"12mm thick interior  plastering and 2 coat of 10mm thick exterior plastering as specified on "]
[]
[{"v":1,"d":"(1)"},"below gound level "]
[null,"Plastering area ",{"v":187,"d":"187.00"},"m2",{"v":1,"d":"1.00"},{"$f":"C187*E187","v":{"v":187,"d":"187.00"}}]
[]
[{"v":2,"d":"(2)"},"above basement level ( Colum beam ,Wall)"]
[null,"Plastering area ",{"v":175.1,"d":"175.10"},"m2",{"v":1,"d":"1.00"},{"$f":"C190*E190","v":{"v":175.1,"d":"175.10"}}]
[]
[null,"BILL N0: 06- FINISHES",{"$nulls":3},{"$f":"SUM(F165:F191)","v":{"v":523.3,"d":"523.30"}}]
[null,"TOTAL OF BILL No: 06 - Carried over to summary",{"$nulls":3},{"$f":"F192","v":{"v":523.3,"d":"523.30"}}]
[null,"BILL No:07"]
[null,"PAINTING"]
[7.1,"GENERAL"]
[null,"Note: (a) Rates shall include for: the provision, erection and removal of scaffolding, preparation, rubbing down between coats and similar work, the protection and/or masking floors, fittings and similar work, removing and replacing door window furniture"]
[null,"(b) All painting work shall be carried in accordance with the Specifications"]
[null,"(c) Emulsion paint finish after grinding the area and applying putty."]
[]
[7.2,"WALLS"]
[" ","Emulsion paint finish after grinding the area and applying putty and exterior walls should be applied with weather proof paint",null," "]
[]
[]
["7.2.1","Interior"]
[]
[{"v":1.1,"d":"(1)"},"exterioer paint with putty and sealer ",{"v":230,"d":"230.00"},"m2",{"v":1,"d":"1.00"},{"$f":"C207*E207","v":{"v":230,"d":"230.00"}}]
[]
[null,"BILL No: 07 - PAINTING",{"$nulls":3},{"$f":"SUM(F195:F208)","v":{"v":230,"d":"230.00"}}]
[null,"TOTAL OF BILL No: 07- Carried over to summary",{"$nulls":3},{"$f":"F209","v":{"v":230,"d":"230.00"}}]
[null,"BILL No: 08"]
[null,"ROOFING "]
[]
[8.1,"General"]
["8.1.1","GENERAL"]
[null,"(a) Rates shall include for: fair edges, dressing over angel fillets, turning into grooves, all other labours, circular edges, nails, screws and other fixings and laps."]
[null,"(b) Rates shall include for: all labour in framing, notching and fitting around projections, pipes, light fittings, hatches, grilles and similar and complete with cleats, packers, wedges and similar and all nails and screws."]
[]
[{"v":1,"d":"(1)"},"Roof structure with polcarbonate sheets supported by timber structure with wire meshs, battens, rafters and purloins fixed securely and water tight with edges, ridge complete with all other necessary things ..",{"v":111.2,"d":"111.20"},"m2",{"v":1,"d":"1.00"},{"$f":"C219*E219","v":{"v":111.2,"d":"111.20"}}]
[]
[null,"Rafters - 150mmx50mm -600c/c"]
[null,"batters _50mmx50mm_300c/c"]
[]
[]
[null,"BILL N0: 08 -  ROOFING",{"$nulls":3},{"$f":"SUM(F212:F224)","v":{"v":111.2,"d":"111.20"}}]
[null,"TOTAL OF BILL No: 08 - Carried over to summary",{"$nulls":3},{"$f":"F225","v":{"v":111.2,"d":"111.20"}}]
[null,"BILL No: 09"]
[null,"ELECTRICAL INSTALLATIONS"]
[9.1,"GENERAL"]
[null,"(a) Rates shall include for: screws, nails, bolts, nuts, standard cable fixing or supporting clips, brackets, straps, rivets, plugs and all incidental accessories"]
[null,"(b) Rates for work in trench shall include for: excavation, maintaining faces of excavations, backfilling, compaction, appropriate cable covers, warning tape and disposal of surplus spoil"]
[null,"(c) Rates for electrical conduits, fittings, equipment and similar items shall include for: all fixings to various building surfaces"]
[null,"(d) Light end and switch end of wiring together measured as one point"]
[null,"(e) A point wiring for power points is measured as one point for each socket outlet; other end of wire is not included in the quantity."]
[null,"(f) Rates shall include for supply and complete installation "]
[null,"(g) Rates shall include special electrical works, lift and air conditioning system"]
[null,"(h) Three phase power supply"]
[]
[9.2,"ELECTRICAL CABLES"]
[]
[]
[{"v":1,"d":"(1)"},"Cables"]
[null,"Cables installation and cable management system and complete with cable lugs, cable glands, cable identification tags, cable ties and  all other accessories required to complete installation. ",{"v":1,"d":"1.00"},"item",{"v":1,"d":"1.00"},{"$f":"SUM(E243:E243)","v":{"v":1,"d":"1.00"}}]
[]
[9.3,"ELECTRICAL FIXTURES"]
[{"v":1,"d":"(1)"},"Ceiling surface  mounted LED down light (5W)",{"v":5,"d":"5.00"},"Nos",{"v":1,"d":"1.00"},{"$f":"C246*E246","v":{"v":5,"d":"5.00"}}]
[{"v":2,"d":"(2)"},"LED  outdoor wall mounted  light (20W)",{"v":15,"d":"15.00"},"Nos",{"v":1,"d":"1.00"},{"v":15,"d":"15.00"}]
[{"v":3,"d":"(3)"},"Switch 1W 3G",{"v":2,"d":"2.00"},"Nos",{"v":1,"d":"1.00"},{"v":2,"d":"2.00"}]
[{"v":4,"d":"(4)"},"Twin switched socket outlet",{"v":2,"d":"2.00"},"Nos",{"v":1,"d":"1.00"},{"v":2,"d":"2.00"}]
[{"v":5,"d":"(5)"},"8pole Db ",{"v":1,"d":"1.00"},"Nos",{"v":1,"d":"1.00"},{"v":1,"d":"1.00"}]
[]
[9.4,"Earthling & Lightning protection"]
[]
[{"v":1,"d":"(1)"},"Earthling system complete with earth electrodes, earth pits, test points",{"v":1,"d":"1.00"},"item",{"v":1,"d":"1.00"},{"$f":"C254*E254","v":{"v":1,"d":"1.00"}}]
[]
[9.5,"Builders works",{"v":1,"d":"1.00"},"item",{"v":1,"d":"1.00"},{"$f":"+C256*E256","v":{"v":1,"d":"1.00"}}]
[]
[]
[null,"BILL No: 09- ELECTRICAL INSTALLATION",{"$nulls":3},{"$f":"SUM(F229:F258)","v":{"v":28,"d":"28.00"}}]
[null,"TOTAL OF BILL No: 09 - Carried over to summary",{"$nulls":3},{"$f":"F259","v":{"v":28,"d":"28.00"}}]
[]
[null,"SUMMARY"]
[]
[{"v":1,"d":"1.0"},"GROUND WORKS",{"$nulls":3},{"$f":"F24","v":132.99}]
[{"v":2,"d":"2.0"},"CONCRETE",{"$nulls":3},{"$f":"F111","v":{"v":1919.559,"d":"1,919.56"}}]
[{"v":3,"d":"3.0"},"MASONRY AND PLASTERING",{"$nulls":3},{"$f":"F130","v":{"v":110,"d":"110.00"}}]
[{"v":4,"d":"4.0"},"WATERPROOFING",{"$nulls":3},{"$f":"F147","v":{"v":55,"d":"55.00"}}]
[{"v":5,"d":"5.0"},"DOORS AND WINDOWS",{"$nulls":3},{"$f":"F163","v":{"v":2,"d":"2.00"}}]
[{"v":6,"d":"6.0"},"FINISHES",{"$nulls":3},{"$f":"F193","v":{"v":523.3,"d":"523.30"}}]
[{"v":7,"d":"7.0"},"PAINTING",{"$nulls":3},{"$f":"F210","v":{"v":230,"d":"230.00"}}]
[{"v":8,"d":"8.0"},"ROOFING ",{"$nulls":3},{"$f":"F226","v":{"v":111.2,"d":"111.20"}}]
[{"v":9,"d":"9.0"},"ELECTRICAL INSTALLATIONS",{"$nulls":3},{"$f":"F260","v":{"v":28,"d":"28.00"}}]
[]
[]
[null," "]
[null," GRAND TOTAL ",{"$nulls":3},{"$f":"SUM(F263:F275)","v":{"v":3112.049,"d":"3,112.05"}}]

{"sheet":"Rainwater management overall","index":6,"n_rows":45,"n_cols":6,"rows_kept":45,"merged":[[0,0,0,5],[1,0,1,5],[12,1,12,2],[15,1,15,2]]}
["BILL OF QUANTITIES"]
["FOR V.FELIDHOO ATOLL COUNCIL OFFICE- RAINWATER MANAGEMENT "]
["Item","Description","Qty","Unit","Rate","Total\nAmount"]
[]
[null,"BILL No: 01"]
[null,"RAINWATER MANAGEMENT SYSTEM "]
[1.1,"INSTALATION OF RAIN WATER PIPE BELOW GROUND AND CONNET TO MAIN CHAMBER "]
[null,"RATES  SHOUD INCULED FITTING AND INSTALATION, EXCAVATION ,RE FILLING   ETC ….. ",{"v":1,"d":"1.00"},"ITEM ",{"v":1,"d":"1.00"},{"$f":"E8*C8","v":{"v":1,"d":"1.00"}}]
[null,"RATE INCLUDED ALL PVC FITTING AND THREAD AND ADHESIVE  AND CLAMP "]
[1.2," PRECAST INSPECTION CHAMBER WITH  COVER  ( 1'X1'X1.5')",{"v":6,"d":"6.00"},"Nos",{"v":1,"d":"1.00"},{"$f":"E10*C10","v":{"v":6,"d":"6.00"}}]
[1.3,"3\" Ball valve ",{"v":6,"d":"6.00"},"Nos",{"v":1,"d":"1.00"},{"$f":"E11*C11","v":{"v":6,"d":"6.00"}}]
[1.4,"PVC PIPE 4\" ",{"v":140,"d":"140.00"},"m",{"v":1,"d":"1.00"},{"$f":"E12*C12","v":{"v":140,"d":"140.00"}}]
[null,"BILL No: 01-RAINWATER MANAGEMENT SYSTEM ",{"$nulls":3},{"$f":"SUM(F8:F12)","v":{"v":153,"d":"153.00"}}]
[null,"TOTAL OF BILL No: 01 - Carried over to summary",{"$nulls":3},{"$f":"F13","v":{"v":153,"d":"153.00"}}]
[]
[null,"SUMMARY"]
[]
[{"v":1,"d":"1.0"},{"$f":"B6","v":"RAINWATER MANAGEMENT SYSTEM "},{"$nulls":3},{"$f":"F14","v":{"v":153,"d":"153.00"}}]
{"$rows_empty":25}
[null," "]
[null," GRAND TOTAL ",{"$nulls":3},{"$f":"SUM(F17:F44)","v":{"v":153,"d":"153.00"}}]